Marketing contemporaneo/ (Registro nro. 9202)

Detalles MARC
000 -LEADER
fixed length control field 02127nam a2200217Ia 4500
005 - FECHA Y HORA DE LA ÚLTIMA TRANSACCIÓN
control field 20241223102439.0
008 - FIXED-LENGTH DATA ELEMENTS--GENERAL INFORMATION
fixed length control field 230906s9999 xx 000 0 und d
020 ## - INTERNATIONAL STANDARD BOOK NUMBER
International Standard Book Number 9786074817126
040 ## - CATALOGING SOURCE
Original cataloging agency UPAN
Transcribing agency Biblioteca San Vicente
Description conventions RCAA2
041 ## - LANGUAGE CODE
Language code of text/sound track or separate title spa
082 ## - DEWEY DECIMAL CLASSIFICATION NUMBER
Classification number 658.83
Item number K878m
año de publicación 2012
100 ## - MAIN ENTRY--PERSONAL NAME
Personal name Kurtz, Dacid L.
Relator code aut.
245 #0 - TITLE STATEMENT
Title Marketing contemporaneo/
Remainder of title David L. Kurtz
250 ## - EDITION STATEMENT
Edition statement 15° ed.
260 ## - PUBLICATION, DISTRIBUTION, ETC. (IMPRINT)
Place of publication, distribution, etc México:
Name of publisher, distributor, etc Cengage,
Date of publication, distribution, etc 2012
300 ## - PHYSICAL DESCRIPTION
Extent 734 p.;
Dimensions 27 cm.
505 ## - FORMATTED CONTENTS NOTE
Formatted contents note Parte 1. <br/>Diseño de estrategias de marketing orientadas al cliente.<br/>Capitulo 1. Marketing: el arte y la ciencia de satisfacer a los clientes.<br/>Capitulo 2. Planeación estratégica en el marketing moderno.<br/>Capitulo 3. El entorno, la ética y la responsabilidad social.<br/>Capitulo 4. Negocios electrónicos; manejo de la experiencia del cliente.<br/>Parte 2. <br/>Cómo entender a los compradores y a los mercados.<br/>Capitulo 5. Comportamiento del consumidor.<br/>Capitulo 6. Marketing de negocio a negocio (B2B).<br/>Capitulo 7. Marketing global.<br/>Parte 3. <br/>Selección del mercado meta.<br/>Capitulo 8. Investigación de mercados y elaboración de pronósticos de ventas.<br/>Capitulo 9. Segmentación, selección del mercado meta y posicionamiento.<br/>Capitulo 10. Marketing relacional y administración de las relaciones con el cliente (CRM).<br/>Parte 4. <br/>Decisiones del producto.<br/>Capitulo 11. Estrategias del producto y del servicio.<br/>Capitulo 12. Desarrollo y administración de la marca y de las categorías de productos.<br/>Parte 5. <br/>Decisiones de distribución.<br/>Capitulo 13. Administración de los canales de marketing y de la cadena de suministro.<br/>Capitulo 14. Minorista, mayoristas y empresas de venta directa.<br/>Parte 6. <br/>Decisiones de promoción. <br/>Capitulo 15. Comunicaciones integradas de marketing.<br/>Capitulo 16. Publicidad y relaciones públicas.<br/>Capitulo 17. Venta personal y promoción de ventas.<br/>Parte 7. <br/>Decisiones de fijación de precios.<br/>Capitulo 18. Conceptos de fijación de precios.<br/>Capitulo 19. Estrategias de fijación de precios.
650 ## - SUBJECT ADDED ENTRY--TOPICAL TERM
Source of heading or term LEMB
General subdivision Mercadeo
700 ## - ADDED ENTRY--PERSONAL NAME
Personal name Guadalupe Meza Staines
Relator code Tr.
942 ## - ADDED ENTRY ELEMENTS (KOHA)
Koha item type Libros
Source of classification or shelving scheme Dewey Decimal Classification
Existencias
Withdrawn status Lost status Source of classification or shelving scheme Damaged status Not for loan Collection code Home library Current library Date acquired Total Checkouts Full call number Barcode Date last seen Copy number Price effective from Koha item type
    Dewey Decimal Classification     Colección General Biblioteca UPAN San Vicente Biblioteca UPAN San Vicente 06/09/2023   658.83 K878m 12003232 06/09/2023 01 06/09/2023 Libros
    Dewey Decimal Classification     Colección General Biblioteca UPAN San Vicente Biblioteca UPAN San Vicente 06/09/2023   658.83 K878m 12003233 08/09/2023 02 06/09/2023 Libros
    Dewey Decimal Classification     Colección General Biblioteca UPAN San Vicente Biblioteca UPAN San Vicente 06/09/2023   658.83 K878m 12003234 08/09/2023 03 06/09/2023 Libros